| 000 | 00975nam a2200289 a 4500 | ||
|---|---|---|---|
| 001 | 12595 | ||
| 003 | BD-RjUL | ||
| 005 | 20211208235325.0 | ||
| 008 | 140129r20052002ii a b 001 0 eng | ||
| 020 | _a0201180758 | ||
| 020 | _a8178086298 | ||
| 035 | _a(BD-RjUL)12644 | ||
| 040 |
_aDLC _cDLC _dBD-RjUL _beng |
||
| 041 | _aeng | ||
| 082 | 0 | 0 |
_a621.367 _221 _bGOD 2005 |
| 100 | 1 |
_aGonzalez, Rafael C. _939238 |
|
| 245 | 1 | 0 |
_aDigital image processing / _cRafael C. Gonzalez, Richard E. Woods. |
| 250 | _a2nd ed. | ||
| 260 |
_aIndia ; _aUpper Saddle River, N.J. : _bPrentice Hall, _cc2002 [reprinted 2005]. |
||
| 300 |
_a791 p. : _bill. ; _c25 cm. |
||
| 504 | _aIncludes bibliographical references and index. | ||
| 650 | 0 |
_aImage processing _xDigital techniques. _91282 |
|
| 700 | 1 |
_aWoods, Richard E. _q(Richard Eugene), _d1954- _939239 |
|
| 856 | 4 | 1 |
_3Table of contents _uhttp://www.loc.gov/catdir/toc/fy031/2002276271.html |
| 942 |
_2ddc _cBK |
||
| 999 |
_c12595 _d12595 |
||